[Event "23. OSREDNJA SLOVENSKA LIGA 2022"]
[Site "gostovanja"]
[Date "2022.11.17"]
[Round "9.1"]
[White "Hafner, Branko"]
[Black "Keber, Aljosa"]
[Result "0-1"]
[WhiteElo "1449"]
[BlackElo "1548"]
[PlyCount "74"]
[EventDate "2022.11.17"]
[WhiteTeam "SD MENGES-TRZIN 2"]
[BlackTeam "SK KOMENDA POGI"]

1. e4 c5 2. f4 Nc6 3. Nf3 g6 4. c3 d5 5. e5 d4 6. d3 Bg7 7. Be2 Nh6 8. O-O O-O
9. h3 f6 10. exf6 exf6 11. Kh2 Be6 12. Nbd2 Nf5 13. Ne4 b6 14. Qa4 Rc8 15. c4
Nd6 16. Qc2 Nb4 17. Qb1 Nxe4 18. dxe4 d3 19. Rd1 Bxc4 20. b3 Bb5 21. a4 Ba6 22.
Ba3 Qe7 23. Bxb4 dxe2 24. Bxc5 exd1=Q 25. Qxd1 Rxc5 26. b4 Rd8 27. Qb3+ Bc4 28.
Qe3 Rc7 29. Rb1 Bd3 30. Re1 Bxe4 31. Qxe4 Qxe4 32. Rxe4 f5 33. Re2 Rc4 34. a5
Rxb4 35. axb6 axb6 36. Ng5 h6 37. Ne6 Re8 0-1

[Event "23. OSREDNJA SLOVENSKA LIGA 2022"]
[Site "gostovanja"]
[Date "2022.11.17"]
[Round "9.2"]
[White "Macek, Inti"]
[Black "Posavec, Zvone"]
[Result "1-0"]
[WhiteElo "1242"]
[BlackElo "1298"]
[PlyCount "63"]
[EventDate "2022.11.17"]
[WhiteTeam "SK KOMENDA POGI"]
[BlackTeam "SD MENGES-TRZIN 2"]

1. d4 Nf6 2. Nf3 g6 3. c4 Bg7 4. Nc3 d6 5. e4 O-O 6. Be3 Ng4 7. Bd2 Na6 8. h3
Nf6 9. Be2 c5 10. d5 Bd7 11. O-O e6 12. Bf4 Ne8 13. Qd2 e5 14. Bh6 Qc8 15. Nh2
f5 16. Bxg7 Kxg7 17. f4 Nb4 18. a3 Na6 19. fxe5 dxe5 20. exf5 Rxf5 21. Bg4
Rxf1+ 22. Rxf1 Nf6 23. Bxd7 Qxd7 24. Qg5 Qd6 25. Nb5 h6 26. Qxh6+ Kxh6 27. Nxd6
Kg7 28. Nf3 e4 29. Ng5 Nh5 30. Rf7+ Kh6 31. Ndxe4 Re8 32. Rh7# 1-0

[Event "23. OSREDNJA SLOVENSKA LIGA 2022"]
[Site "gostovanja"]
[Date "2022.11.17"]
[Round "9.3"]
[White "Strajhar, Albin"]
[Black "Babarovic, Fran"]
[Result "1-0"]
[WhiteElo "1815"]
[BlackElo "1172"]
[PlyCount "147"]
[EventDate "2022.11.17"]
[WhiteTeam "SD MENGES-TRZIN 2"]
[BlackTeam "SK KOMENDA POGI"]

1. e4 e5 2. Bc4 Nf6 3. d3 Bc5 4. Nf3 d6 5. h3 Be6 6. Bb3 Nc6 7. Be3 Bb6 8. Nc3
O-O 9. O-O d5 10. Bg5 d4 11. Nd5 Bxd5 12. Bxd5 Qd6 13. Bxf6 Qxf6 14. a3 Rab8
15. Qd2 Ne7 16. Ba2 Ng6 17. Qg5 Qxg5 18. Nxg5 h6 19. Nf3 c6 20. g3 Bc7 21. Kg2
Kh7 22. h4 f5 23. h5 Ne7 24. Rae1 f4 25. g4 g6 26. hxg6+ Nxg6 27. Be6 Rf6 28.
Bf5 Kg7 29. Rh1 Rg8 30. Rh5 Ne7 31. Nh4 Kf7 32. f3 Rg5 33. Kf2 Bd6 34. Rh1 b5
35. Ng2 Nxf5 36. exf5 Rxh5 37. Rxh5 c5 38. Rh1 c4 39. Ra1 Bc5 40. b4 cxb3 41.
cxb3 Ra6 42. a4 Rb6 43. Ra2 bxa4 44. bxa4 Rb3 45. Ke2 Bb4 46. Rc2 Bc3 47. Nh4
Ra3 48. Kf2 Rxa4 49. Ng6 Kf6 50. Re2 Ra5 51. Kg2 Bb4 52. Kh3 Bd6 53. Nxf4 Bc7
54. Ne6 Bb6 55. f4 Rb5 56. Rc2 Rb3 57. Rc6 Rxd3+ 58. Kh4 Kf7 59. fxe5 Ba5 60.
g5 Be1+ 61. Kg4 Re3 62. Nxd4 Rg3+ 63. Kf4 hxg5+ 64. Ke4 Bd2 65. Rc7+ Ke8 66.
Rxa7 Bf4 67. Ra8+ Kd7 68. e6+ Kd6 69. Re8 Kc5 70. f6 Re3+ 71. Kf5 Re5+ 72. Kg6
g4 73. f7 Rg5+ 74. Kf6 1-0

[Event "23. OSREDNJA SLOVENSKA LIGA 2022"]
[Site "gostovanja"]
[Date "2022.11.17"]
[Round "9.4"]
[White "Zagar, Katarina"]
[Black "Saradjen, Darja"]
[Result "0-1"]
[WhiteElo "1000"]
[BlackElo "1739"]
[PlyCount "92"]
[EventDate "2022.11.17"]
[WhiteTeam "SK KOMENDA POGI"]
[BlackTeam "SD MENGES-TRZIN 2"]

1. d4 d5 2. c4 c6 3. e3 Nf6 4. Nc3 e6 5. b3 Qa5 6. Bd2 Bb4 7. Qc2 Nbd7 8. a3
Bxc3 9. Bxc3 Qc7 10. Bb4 b6 11. Nf3 a5 12. Bc3 O-O 13. Bd3 h6 14. O-O Bb7 15.
h3 Rfe8 16. Rac1 c5 17. dxc5 dxc4 18. Bxc4 Bxf3 19. gxf3 Qxc5 20. Bb2 Qh5 21.
Kh2 Qxf3 22. Be2 Qb7 23. Bb5 Rec8 24. Bc6 Qb8+ 25. f4 Ra7 26. Qg2 e5 27. Bxd7
Nxd7 28. Rxc8+ Qxc8 29. Rc1 Rc7 30. Rxc7 Qxc7 31. Qa8+ Kh7 32. Qe4+ Kg8 33.
fxe5 f6 34. Qa8+ Kh7 35. Qe4+ g6 36. Kg1 Nxe5 37. h4 h5 38. b4 Ng4 39. Qf4 Qe7
40. bxa5 bxa5 41. Bc1 Qc5 42. Bb2 Kg7 43. Qd4 Qc7 44. Qf4 Qc2 45. Bd4 Kf7 46.
e4 Qd1+ 0-1